• 首页
  • 本馆介绍
  • 公告通知
  • 最新文献
  • 馆藏检索
  • 电子资源
  • 读者导购
  • 参考咨询
  • 我的图书馆
  • 登录
  • 详细信息显示
  • 放入我的书架
  • 预约/预借图书
  • 作者相关作品
  • 分类相关作品
  • 丛书相关作品
  • 出版社相关作品

书目信息

  • 表格格式
  • 工作单格式
  • 卡片格式
题名:
设计理论及其学科构建
    
 
作者: 张文波 著
分册:  
出版信息: 北京   中国纺织出版社  2018.07
页数: 268页
开本: 24cm
丛书名:
单 册:
中图分类: J06 , TB47 , TB21
科图分类:
主题词: 设计学--研究 , 工程--设计
电子资源:
ISBN: 978-7-5180-2715-6
000 00936nam0 2200253 450
001 5087
005 20181014094858.55
010    @a978-7-5180-2715-6@dCNY72.00
100    @a20180714d2018 em y0chiy50 ea
101 0  @achi
102    @aCN@b110000
105    @aa z 000yy
200 1  @a设计理论及其学科构建@9she ji li lun ji qi xue ke gou jian@f张文波著
210    @a北京@c中国纺织出版社@d2018.07
215    @a268页@c图@d24cm
330    @a本书以设计的基本理论为主要研究对象,对其进行宏观层面的分析。首先对设计内涵与特征、设计本质与分类、设计程序与原则、设计与其他学科的关系进行阐述,然后分别探讨了设计的发展史与趋势、设计的影响因素、设计师及其职业生涯、设计的批评、设计的营销、产业与管理以及设计的学科构建等。
606 0  @a设计学@x研究
606 0  @a工程@x设计
690    @aJ06@v5
690    @aTB47@v5
690    @aTB21@v4
701  0 @a张文波@9zhang wen bo@4著
801  0 @aCN@b91MARC@c20180714
905    @aMuseLib@dTB21@e198
    
    设计理论及其学科构建/张文波著.-北京:中国纺织出版社,2018.07
    268页:图;24cm
    
    
    ISBN 978-7-5180-2715-6:CNY72.00
    本书以设计的基本理论为主要研究对象,对其进行宏观层面的分析。首先对设计内涵与特征、设计本质与分类、设计程序与原则、设计与其他学科的关系进行阐述,然后分别探讨了设计的发展史与趋势、设计的影响因素、设计师及其职业生涯、设计的批评、设计的营销、产业与管理以及设计的学科构建等。
●
相关链接 在E读中查询图书 在五车中查询图书 在当当中查询图书 在豆瓣中查询图书


正题名:设计理论及其学科构建     索取号:TB21/198         预约/预借

序号 登录号 条形码 馆藏地/架位号 状态 备注
1 1128064   211280647   第二样本阅览室/ [索取号:TB21/198] 在馆    
2 1128065   211280656   第三借阅区/ [索取号:TB21/198] 在馆    
3 1128066   211280665   密集书库-资源管理系/ [索取号:TB21/198] 在馆    
4 1128067   211280674   第三借阅区/ [索取号:TB21/198] 在馆    
5 1128068   211280683   第三借阅区/ [索取号:TB21/198] 在馆    
唐山师范学院图书馆 欢迎您!
大连网信软件有限公司© 版权所有